000 00481nam a2200169Ia 4500
999 _c176
_d176
003 OSt
005 20210909121508.0
008 190216s9999||||xx |||||||||||||| ||und||
040 _coclc
082 _a297
_bASS/K
100 _aAssalman, Abdul Aziz Al Mohammed
_98822
245 0 _aAl Kawashiful Jaliyyah /
_cAbdul Aziz Al Mohammed Assalman
260 _bAl Hind Book Stals,
300 _a479p
650 _aArabic
942 _cBK
_2ddc
_h297
_iASS/K
_k297
_mASS/K